Gestión Ambiental de los Asentamientos Humanos, reservas metodológicas e instrumentales, VI región de Chile
El estudio de esta tesis revisa la magnitud ambiental de la planificación de los centros más poblados, desde el punto de vista.
| Main Author: | |
|---|---|
| Other Authors: | |
| Format: | Tesis Section = Libro |
| Language: | Undetermined Spanish |
| Published: |
Managua
UNI
1995
|
| Subjects: |
| LEADER | 00880nam a2200229Ia 4500 | ||
|---|---|---|---|
| 008 | 240830s9999 xx 000 0 und d | ||
| 040 | |a BIBLIOTECA-RUPAP T.Mon 711 M539 | ||
| 041 | |a spa | ||
| 082 | |a T.Mon 711 M539 | ||
| 100 | 1 | |a Mendoza Velásquez, Francisco Antonio | |
| 245 | 1 | 0 | |a Gestión Ambiental de los Asentamientos Humanos, reservas metodológicas e instrumentales, VI región de Chile |
| 260 | |a Managua |b UNI |c 1995 | ||
| 300 | |a 410 p. :il. | ||
| 500 | |a Contiene: anexos. | ||
| 502 | |a Tesis (Máster en Asentamientos Humanos y Medio Ambiente)- UNI, 1995. | ||
| 520 | 3 | |a El estudio de esta tesis revisa la magnitud ambiental de la planificación de los centros más poblados, desde el punto de vista. | |
| 650 | 7 | |a PLANFICACION-URBANA | |
| 650 | 7 | |b ASENTAMIENTOS HUMANOS | |
| 700 | 1 | |a Tutor: |b Riveros, Fernando | |
| 942 | |c BK |2 ddc | ||
| 991 | |a TESIS | ||
| 999 | |c 18832 | ||